000 00638nam a2200217Ia 4500
005 20250117110412.0
008 008 250114s9999 xx 000 0 eng d
020 _a9781647404246
037 _aTextbook
040 _aCSL
_beng
_cCSL
041 _aeng
_2eng
084 _aI:6 R3 Carb
_qCSL
100 _aGibson, Lucca
_9732157
245 0 _aApomixts, evolution, mechanism molecular perspectives
_cGibson, Lucca
260 _aNew York
_bSyrawood Publishing House
_c2023
300 _avi, 242p. ill.
650 _a Plant
_9431280
650 _aBotany
942 _cTB
_hI:6 R3 Carb
999 _c1238177
_d1238177